| 000 | 00423nam a2200169Ia 4500 | ||
|---|---|---|---|
| 008 | 240830s2008 xx 000 0 und d | ||
| 041 | _ahin | ||
| 082 | _a613/SWA | ||
| 100 | _aINDRAMOHAN JHA, | ||
| 245 | _aSACHITRA YOGASAN DARSHIKA | ||
| 250 | _a2 ND | ||
| 260 |
_aVARANASI _bCHAUKHAMBA SANSKRUT _c2008 |
||
| 300 | _a237p | ||
| 650 | _aSWASTHAVRATTA | ||
| 906 | _aSACHITRA YOGASAN DARSHIKA | ||
| 999 |
_c1203177 _d1203177 |
||